| 000 | 00776cam a2200289 4500 | ||
|---|---|---|---|
| 008 | 000000n2002 000 0 eng u | ||
| 020 | _a1860815618 | ||
| 035 | _a(Sirsi) u119803 | ||
| 041 | _aeng | ||
| 050 | _a697 | ||
| 100 | _aButler, D. | ||
| 110 | _aBuilding Research Establishment | ||
| 245 | _aFree cooling with displacement ventilation | ||
| 260 |
_aLondon _bCRC Ltd _c2002 |
||
| 300 |
_a8p. _bill. _c30cm. |
||
| 490 |
_aBRE Information Paper _v6/02 |
||
| 650 | _aDISPLACEMENT VENTILATION | ||
| 650 | _aCOOLING SYSTEMS | ||
| 650 | _aCOOLING | ||
| 650 | _aVENTILATION SYSTEMS | ||
| 650 | _aCOOLING DEVICES | ||
| 650 | _aENERGY SAVINGS | ||
| 690 | _aBUILDING AND CONSTRUCTION-ENERGY | ||
| 700 | _aSwainson, M. | ||
| 700 | _aPerry, A. | ||
| 942 | _n0 | ||
| 999 |
_c102404 _d102404 |
||